| 000 | 01098cam0a220026500 4500 | ||
|---|---|---|---|
| 001 | lce00052924 | ||
| 008 | 690619s1969 gw a b 001 0 eng | ||
| 010 | _a 75393994 | ||
| 015 | _aGDB*** | ||
| 020 | _c58.00 | ||
| 035 | _a(Sirsi) r59306 | ||
| 035 | _a(DLC) 75393994 | ||
| 035 | _a(UPRA)lce00052924 | ||
| 040 | _dUPRA | ||
| 050 | 0 |
_aSB915 _b.S34 |
|
| 082 | _a632/.6 | ||
| 100 | 1 |
_aSchmutterer, H. _6A10938.1 |
|
| 245 | 1 | 0 |
_aPests of crops in Northeast and Central Africa with particular reference to the Sudan / _cby H. Schmutterer ; assisted by D.E. Evans, Hussein Mohd ; hassan [and] L. Razoux Schultz ; foreword by Hussein Idris. |
| 260 |
_aStuttgart ; Portland/USA : _aStuttgart ; Portland/USA : _bG. Fischer, _c1969. |
||
| 504 | _aIncludes bibliographies. | ||
| 650 | 0 |
_aField crops -- Diseases and pests -- Africa. _xField crops -- Diseases and pests -- Africa. _zField crops -- Diseases and pests -- Africa. _6S13279.1 |
|
| 949 |
_aSB915 _wlcc _i33729001913040 _mMAIN _p2500 _tBOOK _lON-SHELF |
||
| 949 |
_aSB915 _wlcc _i33729001918668 _mMAIN _p2500 _tBOOK _lON-SHELF |
||
| 004 | 59306 | ||
| 999 |
_c159401 _d159401 |
||